Numerical methods with C++ programming / (Record no. 122402)
[ view plain ]
| 000 -LEADER | |
|---|---|
| fixed length control field | 00795nam a22002657a 4500 |
| 003 - CONTROL NUMBER IDENTIFIER | |
| control field | 0 |
| 005 - DATE AND TIME OF LATEST TRANSACTION | |
| control field | 20180712155433.0 |
| 008 - FIXED-LENGTH DATA ELEMENTS--GENERAL INFORMATION | |
| fixed length control field | 0 |
| 010 ## - LIBRARY OF CONGRESS CONTROL NUMBER | |
| LC control number | B-182130 |
| 020 ## - INTERNATIONAL STANDARD BOOK NUMBER | |
| International Standard Book Number | 8120327136 |
| Terms of availability | 195.00 |
| 035 ## - SYSTEM CONTROL NUMBER | |
| System control number | B-182130, B-182134 |
| 037 ## - SOURCE OF ACQUISITION | |
| Source of stock number/acquisition | Cen Lib/Ret |
| 040 ## - CATALOGING SOURCE | |
| Original cataloging agency | DPL |
| Language of cataloging | EN |
| Transcribing agency | 0 |
| 082 ## - DEWEY DECIMAL CLASSIFICATION NUMBER | |
| Classification number | 512 |
| Item number | SOM |
| 100 ## - MAIN ENTRY--PERSONAL NAME | |
| Personal name | Somasundaram |
| 9 (RLIN) | 10010 |
| 245 ## - TITLE STATEMENT | |
| Title | Numerical methods with C++ programming / |
| Statement of responsibility, etc | by Somasundaram [and] Chandrasekaran |
| 260 ## - PUBLICATION, DISTRIBUTION, ETC. (IMPRINT) | |
| Place of publication, distribution, etc | New Delhi |
| Name of publisher, distributor, etc | Prentice Hall |
| Date of publication, distribution, etc | 2005 |
| 270 ## - ADDRESS | |
| Address | M-97, Connaught Circus |
| City | New Delhi |
| Postal code | 110001 |
| 300 ## - PHYSICAL DESCRIPTION | |
| Extent | x, 226p. |
| Dimensions | 25cm(pbk) |
| 500 ## - GENERAL NOTE | |
| General note | Includes index |
| 650 ## - SUBJECT ADDED ENTRY--TOPICAL TERM | |
| Topical term or geographic name as entry element | Computer science |
| General subdivision | Programming |
| 9 (RLIN) | 10011 |
| 650 ## - SUBJECT ADDED ENTRY--TOPICAL TERM | |
| Topical term or geographic name as entry element | C++ languages |
| General subdivision | Numerical methods |
| 9 (RLIN) | 10012 |
| 700 ## - ADDED ENTRY--PERSONAL NAME | |
| Personal name | Chandrasekaram |
| 9 (RLIN) | 10013 |
| 942 ## - ADDED ENTRY ELEMENTS (KOHA) | |
| Source of classification or shelving scheme | Dewey Decimal Classification |
| Koha item type | English Books |
| Classification part | 512 |
| Call number suffix | SOM |
| Withdrawn status | Lost status | Damaged status | Not for loan | Collection code | Home library | Current library | Date acquired | Source of acquisition | Cost, normal purchase price | Total Checkouts | Full call number | Barcode | Date last seen | Copy number | Cost, replacement price | Price effective from | Koha item type | Source of classification or shelving scheme | Total Renewals | Date checked out |
|---|---|---|---|---|---|---|---|---|---|---|---|---|---|---|---|---|---|---|---|---|
| Not For Loan | Reference | Central Library | Central Library | 21/05/2015 | Cen LIb/Ret | 195.00 | 512 SOM | B-182130 | 21/05/2015 | 1 | 195.00 | 15/09/2016 | English Books | |||||||
| Non-fiction | Patel Nagar | Patel Nagar | 12/07/2018 | BPPD/PUB | 195.00 | 1 | 512 SOM | B-182134 | 10/09/2018 | 195.00 | 12/07/2018 | English Books | Dewey Decimal Classification | 28/08/2018 | ||||||
| Non-fiction | Shahdara Branch | Shahdara Branch | 04/06/2018 | BPPD/PUB | 195.00 | 1 | 512 SOM | B-182148 | 19/01/2024 | 195.00 | 04/06/2018 | English Books | Dewey Decimal Classification | 2 | 06/12/2023 |
